[Event "It (open)"]
[Site "masterchessopen.com Sala (Slovakia)"]
[Round "0"]
[White "Majzlan Igor (SVK)"]
[Black "Zavarsky Juraj (SVK)"]
[Result "1-0"]
[WhiteElo "2174"]
[BlackElo "2036"]

1.e4 c5 2.Nf3 Nc6 3.d4 cxd4 4.Nxd4 g6 5.c4 Bg7 6.Be3 Nf6 7.Nc3 Ng4 8.Qxg4 Nxd4
9.Qd1 Ne6 10.Bd3 Bxc3+ 11.bxc3 b6 12.O-O Nc5 13.Bd4 O-O 14.f4 Bb7 15.Qe2 Nxd3
16.Qxd3 f6 17.Rae1 Rc8 18.f5 e5 19.Be3 g5 20.c5 bxc5 21.c4 Qc7 22.h4 h6
23.hxg5 hxg5 24.Kf2 Kg7 25.Rd1 d6 26.Rh1 Rcd8 27.Bxg5 fxg5 28.Qg3 Qe7 29.Rh5
Rh8 30.Rxg5+ Kf8 31.Rh1 Qf6 32.Rg6 {#r} 1-0

[Event "Ch World (juniors) (under 14)"]
[Site "masterchessopen.com Szeged (Hungary)"]
[Round "0"]
[White "Andreev Eduard (UKR)"]
[Black "Reinaldo Castineira Roi (ESP)"]
[Result "1-0"]
[WhiteElo "2478"]
[BlackElo "2479"]

1.e4 c5 2.Nf3 Nc6 3.d4 cxd4 4.Nxd4 g6 5.c4 Bg7 6.Be3 Nf6 7.Nc3 Ng4 8.Qxg4 Nxd4
9.Qd1 Ne6 10.Qd2 Qa5 11.Rc1 b6 12.Be2 Bb7 13.f3 f5 14.exf5 gxf5 15.O-O Rg8
16.Rfd1 d6 17.c5 Nxc5 18.Bb5+ Nd7 19.Qe2 Be5 20.Qc4 Rg7 21.Qc7 Rd8 22.Qxb7
Bxc3 23.Bxd7+ Rxd7 24.Qc8+ {#r} 1-0

[Event "It"]
[Site "masterchessopen.com Timishoara (Romania)"]
[Round "7"]
[White "Radlovacki Jovan (SRB)"]
[Black "Jelic Goran (SRB)"]
[Result "1-0"]
[WhiteElo "2345"]
[BlackElo "2193"]

1.e4 c5 2.Nf3 Nc6 3.d4 cxd4 4.Nxd4 g6 5.c4 Bg7 6.Be3 Nf6 7.Nc3 Ng4 8.Qxg4 Nxd4
9.Qd1 Ne6 10.Rc1 Qa5 11.Bd3 Bxc3+ 12.Rxc3 Qxa2 13.Qc1 Qa5 14.O-O Qc7 15.c5 O-O
16.f4 f5 17.exf5 gxf5 18.Rf3 d5 19.cxd6 Qxd6 20.Rg3+ Kf7 21.Qd1 {#r} 1-0

[Event "It (open)"]
[Site "masterchessopen.com Zalakaros (Hungary)"]
[Round "0"]
[White "Fogarasi Tibor (HUN)"]
[Black "Eberth Zoltan (HUN)"]
[Result "1-0"]
[WhiteElo "2445"]
[BlackElo "2198"]

1.e4 c5 2.Nf3 Nc6 3.d4 cxd4 4.Nxd4 g6 5.c4 Bg7 6.Be3 Nf6 7.Nc3 Ng4 8.Qxg4 Bxd4
9.Bxd4 Nxd4 10.O-O-O d6 11.Qg3 e5 12.f4 f6 13.f5 gxf5 14.Qg7 Rf8 15.Nd5 Rf7
16.Qg8+ Rf8 17.Qxh7 Rf7 18.Qg8+ Rf8 19.Qg6+ Rf7 20.Bd3 Be6 21.exf5 Bxd5
22.cxd5 Qe7 23.Qg4 O-O-O 24.Qe4 Qf8 25.Kb1 Qh6 26.h4 Rg7 27.g4 Rdg8 28.Rdg1
Qh5 29.Rc1+ {#r} 1-0

[Event "It (open)"]
[Site "masterchessopen.com Antwerpen (Belgium)"]
[Round "2"]
[White "Jolles Hajo (NED)"]
[Black "Enklaar Bertus F (NED)"]
[Result "1-0"]
[WhiteElo "2265"]
[BlackElo "2400"]

1.c4 c5 2.Nf3 Nc6 3.d4 cxd4 4.Nxd4 g6 5.e4 Bg7 6.Be3 Nf6 7.Nc3 Ng4 8.Qxg4 Nxd4
9.Qd1 e5 10.Bd3 O-O 11.O-O d6 12.Qd2 Be6 13.Rfd1 a6 14.b3 f5 15.exf5 gxf5
16.f4 exf4 17.Bxf4 b5 18.Nd5 Qd7 19.Be3 Rae8 20.Rac1 Bf7 21.Bf1 Re4 22.Qf2 Ne6
23.cxb5 f4 24.Bb6 axb5 25.Qh4 Be8 26.Bd3 Bd4+ 27.Bxd4 Rxd4 28.Nf6+ Rxf6
29.Qxf6 Bh5 30.Be2 Rxd1+ 31.Bxd1 Bxd1 32.Rxd1 b4 33.Re1 {#r} 1-0

[Event "Staatsliga B South 1994/95"]
[Site "masterchessopen.com Austria"]
[Round "5"]
[White "Groszpeter Attila (HUN)"]
[Black "Supancic Darko (SLO)"]
[Result "1-0"]
[WhiteElo "2555"]
[BlackElo "2405"]

1.e4 c5 2.Nf3 Nc6 3.d4 cxd4 4.Nxd4 g6 5.c4 Bg7 6.Be3 Nf6 7.Nc3 Ng4 8.Qxg4 Nxd4
9.Qd1 e5 10.Nb5 O-O 11.Be2 Qh4 12.Nxd4 exd4 13.Bxd4 Qxe4 14.Bxg7 Qxg2 15.Qd4
Qxh1+ 16.Kd2 Qxa1 17.Qf6 Qxa2 18.Bh6 Qa5+ 19.Kd1 {#r} 1-0

[Event "It (open)"]
[Site "masterchessopen.com Bad Ragaz (Switzerland)"]
[Round "4"]
[White "Christen Peter (SUI)"]
[Black "Mantovani Renzo (ITA)"]
[Result "1-0"]
[WhiteElo "2203"]
[BlackElo "2365"]

1.d4 Nf6 2.Nf3 g6 3.c4 Bg7 4.Nc3 c5 5.e4 cxd4 6.Nxd4 Nc6 7.Be3 Ng4 8.Qxg4 Nxd4
9.Qd1 Ne6 10.Rc1 Qa5 11.Bd3 g5 12.O-O h5 13.h4 gxh4 14.f4 d6 15.f5 Bd4 16.Bxd4
Nxd4 17.c5 Qxc5 18.Rf2 Qe5 19.Nd5 Kd8 20.Qa4 Bd7 21.Qa5+ b6 22.Qa6 Bc6 23.Rxc6
Nxc6 24.Qb7 Rb8 25.Qxc6 Rc8 26.Qb7 Rg8 27.Rc2 Rxc2 28.Bxc2 Rxg2+ 29.Kxg2 Qg3+
30.Kf1 Qh3+ 31.Ke2 Qg2+ 32.Kd3 Qf1+ 33.Kc3 Qe1+ 34.Kb3 Qg3+ 35.Ka4 {#r} 1-0

[Event "n) (b"]
[Site "masterchessopen.com Bagneux (France)"]
[Round "7"]
[White "Berkvens Joost (NED)"]
[Black "Louvrier Saint-Mary Matthieu (FRA)"]
[Result "1-0"]
[WhiteElo "2409"]
[BlackElo "2060"]

1.e4 c5 2.Nf3 Nc6 3.d4 cxd4 4.Nxd4 g6 5.c4 Bg7 6.Be3 Nf6 7.Nc3 Ng4 8.Qxg4 Nxd4
9.Qd1 Nc6 10.Qd2 d6 11.Be2 Bd7 12.O-O O-O 13.Rfc1 Ne5 14.Rab1 Ng4 15.Bxg4 Bxg4
16.Nd5 Be6 17.Rc2 Bxd5 18.cxd5 a6 19.Rbc1 Re8 20.Rc7 b5 21.R1c6 b4 22.Bb6 a5
23.Rb7 Qc8 24.Rxc8 Rexc8 25.Rc7 a4 26.Qxb4 Rxc7 27.Bxc7 Rc8 28.Qb7 Re8 29.h4
Be5 30.g3 {#r} 1-0

[Event "It (cat.2)"]
[Site "masterchessopen.com Budapest (Hungary)"]
[Round "6"]
[White "Turzo Attila (HUN)"]
[Black "Peretz Malkiel (ISR)"]
[Result "1-0"]
[WhiteElo "2310"]
[BlackElo "2280"]

1.e4 c5 2.Nf3 Nc6 3.d4 cxd4 4.Nxd4 g6 5.c4 Bg7 6.Be3 Nf6 7.Nc3 Ng4 8.Qxg4 Nxd4
9.Qd1 e5 10.Nb5 Nxb5 11.cxb5 O-O 12.Bc4 d6 13.O-O Kh8 14.Qd2 Qe7 15.Rfd1 Rd8
16.a4 f5 17.exf5 Bxf5 18.Bd5 Bf6 19.a5 a6 20.bxa6 Rxa6 21.b4 Bg4 22.Rdc1 Be6
23.b5 Raa8 24.a6 Bxd5 25.Qxd5 bxa6 26.bxa6 Bg5 27.Qb7 Rdb8 28.Qxe7 Bxe7 29.a7
Re8 30.Ra5 Kg8 31.Rb5 Kf7 32.Rcb1 d5 33.Rxd5 Ke6 34.Ra5 {#r} 1-0

[Event "It (cat.9)"]
[Site "masterchessopen.com Budapest (Hungary)"]
[Round "6"]
[White "Enders Peter (GER)"]
[Black "Kallai Gabor (HUN)"]
[Result "1-0"]
[WhiteElo "2470"]
[BlackElo "2490"]

1.e4 c5 2.Nf3 Nc6 3.d4 cxd4 4.Nxd4 g6 5.c4 Bg7 6.Be3 Nf6 7.Nc3 Ng4 8.Qxg4 Nxd4
9.Qd1 e5 10.Bd3 O-O 11.O-O d6 12.Nd5 Be6 13.Qd2 Bxd5 14.cxd5 Qb6 15.Rfc1 f5
16.exf5 gxf5 17.Rc4 Rf7 18.Re1 f4 19.Bxd4 exd4 20.Qc2 Be5 21.Rc8+ Rxc8
22.Qxc8+ Kg7 23.Rc1 Bf6 24.Qh3 f3 25.Rc8 Bd8 26.Qxh7+ Kf8 27.Qh8+ Ke7 28.Bg6
d3 29.Qh4+ Kd7 30.Qg4+ {#r} 1-0

[Event "It (open)"]
[Site "masterchessopen.com Ceske Budejovice (Czech Republic)"]
[Round "1"]
[White "Pokrupa Marek (CZE)"]
[Black "Chernikov Oleg L (RUS)"]
[Result "0-1"]
[WhiteElo "2222"]
[BlackElo "2390"]

1.d4 g6 2.c4 Bg7 3.e4 c5 4.Nf3 cxd4 5.Nxd4 Nc6 6.Be3 Nf6 7.Nc3 Ng4 8.Qxg4 Bxd4
9.Bxd4 Nxd4 10.Qd1 e5 11.g3 d6 12.Bg2 Be6 13.Qd3 Rc8 14.b3 Qa5 15.O-O Qxc3
{#R} 0-1

[Event "It (open)"]
[Site "masterchessopen.com Copenhagen (Denmark)"]
[Round "6"]
[White "Ostergaard Rasmus (DEN)"]
[Black "Rasmussen Per Arnt (DEN)"]
[Result "0-1"]
[WhiteElo "2122"]
[BlackElo "2125"]

1.e4 c5 2.Nf3 Nc6 3.d4 cxd4 4.Nxd4 g6 5.c4 Bg7 6.Be3 Nf6 7.Nc3 Ng4 8.Qxg4 Nxd4
9.Qd1 e5 10.Nb5 O-O 11.Qd2 Qh4 12.Bd3 d5 13.exd5 Bh3 14.Bf1 f5 15.Nxd4 exd4
16.Bf4 Rfe8+ 17.Kd1 d3 18.gxh3 Re4 19.Bg3 Qh5+ 20.Kc1 Rxc4+ 21.Kb1 Rc2 22.Be2
Qxe2 23.Qxe2 Rxe2 24.Kc1 Bxb2+ 25.Kb1 Bxa1 26.Kxa1 d2 27.f4 Rc8 28.Kb1 Re1+
29.Rxe1 dxe1=Q+ 30.Bxe1 Rd8 {#R} 0-1

[Event "Ch France (team)"]
[Site "masterchessopen.com France"]
[Round "0"]
[White "Hartereau Philippe (FRA)"]
[Black "Delebarre Xavier (FRA)"]
[Result "0-1"]
[WhiteElo "2161"]
[BlackElo "2310"]

1.Nf3 c5 2.c4 g6 3.d4 cxd4 4.Nxd4 Bg7 5.e4 Nc6 6.Be3 Nf6 7.Nc3 Ng4 8.Qxg4 Nxd4
9.Qd1 Ne6 10.Qd2 d6 11.Be2 Bd7 12.O-O O-O 13.Rac1 Bc6 14.f3 a5 15.b3 b6 16.a3
Qb8 17.b4 axb4 18.axb4 Ra3 19.Rfd1 Nc7 20.b5 Bd7 21.Bf1 Re8 22.Nb1 Ra7 23.Qf2
Rb7 24.f4 Ne6 25.Be2 Nc5 26.Bf3 Ra7 27.Nc3 Be6 28.Qe2 Ra3 29.Rc2 {#R} 0-1

[Event "Ch France (team)"]
[Site "masterchessopen.com France"]
[Round "6"]
[White "Pellaton Bernard (FRA)"]
[Black "Dubreuil Nicolas (FRA)"]
[Result "1-0"]
[WhiteElo "2076"]
[BlackElo "2227"]

1.e4 c5 2.Nf3 Nc6 3.d4 cxd4 4.Nxd4 g6 5.c4 Nf6 6.Nc3 Bg7 7.Be3 Ng4 8.Qxg4 Nxd4
9.Qd1 Ne6 10.Qd2 Qa5 11.Be2 d6 12.O-O Bxc3 13.bxc3 g5 14.Rab1 Bd7 15.Qd5 Qa4
16.Bh5 Rc8 17.Rxb7 Bc6 18.Qxe6 Bxb7 19.Qxf7+ Kd8 20.Qg7 Kc7 21.Qxe7+ Kb8
22.Bf7 Ka8 23.h3 Qxa2 24.c5 d5 25.exd5 Bxd5 26.Bxd5+ Qxd5 27.c6 {#r} 1-0

[Event "Bundesliga 1994/95"]
[Site "masterchessopen.com Germany"]
[Round "7"]
[White "Sievers Stefan (GER)"]
[Black "Meyer Claus Dieter (GER)"]
[Result "1-0"]
[WhiteElo "2375"]
[BlackElo "2315"]

1.e4 c5 2.Nf3 Nc6 3.d4 cxd4 4.Nxd4 g6 5.c4 Bg7 6.Be3 Nf6 7.Nc3 Ng4 8.Qxg4 Nxd4
9.Qd1 e5 10.Qd2 Qa5 11.Bxd4 exd4 12.Nb5 Qxd2+ 13.Kxd2 O-O 14.c5 b6 15.cxb6
axb6 16.Bc4 Ba6 17.a4 Bb7 18.Bd3 Bc6 19.f4 h6 20.g3 Kh7 21.Rhe1 Bf6 22.b3 Bxb5
23.Bxb5 d6 24.Rac1 Rac8 25.Rc6 Rxc6 26.Bxc6 Rc8 27.Rc1 Rc7 28.b4 Kg7 29.a5
bxa5 30.bxa5 Ra7 31.Ra1 {#r} 1-0

[Event "It (open)"]
[Site "masterchessopen.com Haarlem (Netherlands)"]
[Round "4"]
[White "Van Mil Lucas (NED)"]
[Black "Teske Oliver (GER)"]
[Result "0-1"]
[WhiteElo "2091"]
[BlackElo "2130"]

1.e4 c5 2.c4 Nc6 3.Ne2 g6 4.d4 cxd4 5.Nxd4 Bg7 6.Be3 Nf6 7.Nc3 Ng4 8.Qxg4 Nxd4
9.Qd1 e5 10.Nb5 Qb6 11.c5 Qc6 12.Nd6+ Ke7 13.Rc1 b6 14.b4 bxc5 15.bxc5 Ba6
16.f4 Ne6 17.g3 Rab8 18.Bxa6 Qxa6 19.Nxf7 exf4 20.Nxh8 fxe3 21.Qd6+ Qxd6
22.cxd6+ Kxd6 23.Nf7+ Ke7 24.Rf1 Rf8 25.Rd1 Rxf7 26.Rxf7+ Kxf7 27.Rxd7+ Kf6
28.Ke2 Bh6 29.Rxh7 Nd4+ 30.Ke1 Bf8 31.Rb7 Ke5 {#R} 0-1

[Event "It (open)"]
[Site "masterchessopen.com Hajduboszormeny (Hungary)"]
[Round "1"]
[White "Toth Andras (HUN)"]
[Black "Orban Zoltan (HUN)"]
[Result "1-0"]
[WhiteElo "2205"]
[BlackElo "1897"]

1.e4 c5 2.Nf3 Nc6 3.d4 cxd4 4.Nxd4 g6 5.c4 Bg7 6.Be3 Nf6 7.Nc3 Ng4 8.Qxg4 Nxd4
9.Qd1 e5 10.Be2 O-O 11.O-O d6 12.Qd2 Be6 13.Rfd1 Rc8 14.b3 a6 15.Bf1 Qd7
16.Rac1 b5 17.cxb5 axb5 18.Bxd4 exd4 19.Nxb5 f5 20.exf5 Bxf5 21.Nxd4 Rxc1
22.Rxc1 Be4 23.b4 Qg4 24.f3 Bxd4+ 25.Qxd4 Bxf3 26.Bc4+ Rf7 27.Qxg4 Bxg4 28.Rf1
{#r} 1-0

[Event "It (open)"]
[Site "masterchessopen.com Hamburg (Germany)"]
[Round "2"]
[White "Wahls Matthias (GER)"]
[Black "Kiesekamp Marcos (GER)"]
[Result "1-0"]
[WhiteElo "2550"]
[BlackElo "2315"]

1.e4 c5 2.Nf3 Nc6 3.d4 cxd4 4.Nxd4 g6 5.c4 Bg7 6.Be3 Nf6 7.Nc3 Ng4 8.Qxg4 Nxd4
9.Qd1 e5 10.Bd3 O-O 11.O-O d6 12.Qd2 Be6 13.Rad1 Rc8 14.b3 Qa5 15.Ne2 Qxd2
16.Rxd2 a6 17.Bxd4 exd4 18.Bb1 b5 19.cxb5 axb5 20.Nxd4 Bxd4 21.Rxd4 Rc6 22.f4
f5 23.Rfd1 fxe4 24.Bxe4 d5 25.Rxd5 Ra6 26.Rd6 Bg4 27.Rxa6 Bxd1 28.Ra8 {#r} 1-0

[Event "It (open)"]
[Site "masterchessopen.com Helsinki (Finland)"]
[Round "0"]
[White "Rytshagov Mikhail (EST)"]
[Black "Malcsev Alexander (RUS)"]
[Result "1-0"]
[WhiteElo "2475"]
[BlackElo "2354"]

1.e4 c5 2.Nf3 Nc6 3.d4 cxd4 4.Nxd4 g6 5.c4 Nf6 6.Nc3 Bg7 7.Be3 Ng4 8.Qxg4 Bxd4
9.Bxd4 Nxd4 10.O-O-O e5 11.Qg3 d6 12.f4 f6 13.h4 O-O 14.f5 Kf7 15.Nb5 Nxb5
16.cxb5 gxf5 17.Bc4+ Be6 18.Bxe6+ Kxe6 19.Qh3 Ke7 20.exf5 Rc8+ 21.Kb1 Rc5
22.g4 Qd7 23.g5 Qxb5 24.Qg2 Qc4 25.b3 Rb5 26.Rh3 Qf7 27.Re3 Rd8 28.Rg3 Qh5
29.Rf1 Rb4 {#r} 1-0

[Event "It (open)"]
[Site "masterchessopen.com Hradec Kralove (Czech Republic)"]
[Round "8"]
[White "Malivanek Jiri (CZE)"]
[Black "Witt Ronald (GER)"]
[Result "1-0"]
[WhiteElo "2178"]
[BlackElo "2068"]

1.e4 c5 2.c4 Nc6 3.Ne2 g6 4.d4 cxd4 5.Nxd4 Bg7 6.Be3 Nf6 7.Nc3 Ng4 8.Qxg4 Nxd4
9.Qd1 Nc6 10.Be2 O-O 11.O-O d6 12.Qd2 Be6 13.Rac1 Qa5 14.b3 Rab8 15.f4 a6
16.Bf3 Rfc8 17.Kh1 b5 18.c5 dxc5 19.Bxc5 Rd8 20.Qe3 Bd4 21.Bxd4 Nxd4 22.f5 Bc8
23.fxg6 hxg6 24.Nd5 Nxf3 25.Nxe7+ Kh7 26.Nc6 Qd2 27.Qxf3 {#r} 1-0

[Event "It"]
[Site "masterchessopen.com Makarska (Croatia)"]
[Round "10"]
[White "Dizdarevic Emir (CRO)"]
[Black "Sermek Drazen (CRO)"]
[Result "0-1"]
[WhiteElo "2500"]
[BlackElo "2490"]

1.c4 c5 2.Nf3 g6 3.d4 cxd4 4.Nxd4 Bg7 5.e4 Nc6 6.Be3 Nf6 7.Nc3 Ng4 8.Qxg4 Nxd4
9.Qd1 e5 10.Nb5 O-O 11.Qd2 Qe7 12.O-O-O Nxb5 13.cxb5 d5 14.exd5 Rd8 15.d6 Qe6
16.Kb1 Bf8 17.Qc3 Bxd6 18.Bc4 Qf5+ 19.Bd3 e4 20.g4 Qxg4 21.Qf6 Be6 22.Bd4 Kf8
23.Bc2 Qf5 24.Qg7+ Ke7 25.Qxh7 Rac8 26.Qh4+ g5 27.Qxe4 Rxc2 28.Qxc2 Bxa2+
29.Kc1 Bf4+ {#R} 0-1

[Event "Ch Spain"]
[Site "masterchessopen.com Matalascanas (Spain)"]
[Round "5"]
[White "Pariente Lopez Francisco (ESP)"]
[Black "Nava Pereda Carlos (ESP)"]
[Result "0-1"]
[WhiteElo "2180"]
[BlackElo "2275"]

1.e4 c5 2.Nf3 Nc6 3.d4 cxd4 4.Nxd4 g6 5.c4 Bg7 6.Be3 Nf6 7.Nc3 Ng4 8.Qxg4 Nxd4
9.Qd1 e5 10.Nb5 O-O 11.Nxd4 exd4 12.Bxd4 Qa5+ 13.Ke2 Re8 14.f3 d5 15.Bxg7
Rxe4+ 16.Kd3 Rxc4 17.Bc3 Bf5+ 18.Kd2 Rd4+ 19.Ke1 Rxd1+ 20.Rxd1 Qc5 21.Rd4 b5
22.Kd2 Re8 23.a3 a5 24.g4 b4 25.axb4 axb4 26.gxf5 bxc3+ 27.bxc3 Rc8 {#R} 0-1

[Event "Ch Moscow (open)"]
[Site "masterchessopen.com Moscow (Russia)"]
[Round "5"]
[White "Lysova Olga (RUS)"]
[Black "Vikulov Alexander (RUS)"]
[Result "1-0"]
[WhiteElo "2220"]
[BlackElo "2130"]

1.e4 c5 2.Nf3 Nc6 3.d4 cxd4 4.Nxd4 g6 5.c4 Bg7 6.Be3 Nf6 7.Nc3 Ng4 8.Qxg4 Nxd4
9.Qd1 Ne6 10.Be2 Bxc3+ 11.bxc3 Qa5 12.Qc2 d6 13.O-O Bd7 14.f4 Ng7 15.Bd4 e5
16.Be3 f6 17.fxe5 fxe5 18.Qb3 O-O-O 19.Rab1 b6 20.c5 Be6 21.Bc4 Bxc4 22.Qxc4
dxc5 23.Rb5 Qa3 24.Bc1 {#r} 1-0

[Event "It (open)"]
[Site "masterchessopen.com Nigran (Spain)"]
[Round "2"]
[White "Brana Lopez Eduardo (ESP)"]
[Black "Nava Pereda Carlos (ESP)"]
[Result "0-1"]
[WhiteElo "2036"]
[BlackElo "2275"]

1.e4 c5 2.Nf3 Nc6 3.d4 cxd4 4.Nxd4 g6 5.c4 Bg7 6.Be3 Nf6 7.Nc3 Ng4 8.Nxc6 Nxe3
9.Nxd8 Nxd1 10.Nxd1 Kxd8 11.Rc1 d6 12.Be2 Be6 13.b3 Rc8 14.O-O Bd4 15.Nc3 Bxc3
16.Rxc3 a5 17.f4 f6 18.a4 Rc5 19.Re3 Kc7 20.h3 g5 21.f5 Bf7 22.Rd1 Re5 23.b4
axb4 24.Rb1 Ra8 25.Rxb4 Be8 26.Bd1 Bc6 27.Bc2 h5 28.g3 g4 29.h4 e6 30.Kf2 Re8
31.fxe6 R8xe6 32.Reb3 f5 33.a5 fxe4 34.a6 bxa6 {#R} 0-1

[Event "It (open)"]
[Site "masterchessopen.com Passau (Germany)"]
[Round "0"]
[White "Eichler Christoph (GER)"]
[Black "Klundt Klaus (GER)"]
[Result "1-0"]
[WhiteElo "2230"]
[BlackElo "2315"]

1.e4 c5 2.Nf3 Nc6 3.d4 cxd4 4.Nxd4 g6 5.c4 Nf6 6.Nc3 Bg7 7.Be3 Ng4 8.Qxg4 Nxd4
9.Qd1 e5 10.Be2 O-O 11.O-O d6 12.Nd5 Qh4 13.Bd3 Be6 14.Qd2 Bxd5 15.cxd5 f5
16.f3 Rf7 17.Qb4 Raf8 18.Bxd4 exd4 19.Qxd6 Bh6 20.g3 Qh5 21.e5 Be3+ 22.Kh1 f4
23.e6 Rf6 24.g4 Qg5 25.Qd7 {#r} 1-0

[Event "Ch Peru"]
[Site "masterchessopen.com Peru"]
[Round "10"]
[White "Munoz Marco (HON)"]
[Black "Oblitas Carlomagno (PER)"]
[Result "0-1"]
[WhiteElo "2114"]
[BlackElo "2420"]

1.e4 c5 2.Nf3 Nc6 3.d4 cxd4 4.Nxd4 g6 5.c4 Bg7 6.Be3 Nf6 7.Nc3 Ng4 8.Qxg4 Nxd4
9.Qd1 Nc6 10.Qd2 O-O 11.h4 h5 12.g4 d5 13.cxd5 Ne5 14.Be2 Bxg4 15.O-O-O Rc8
16.Bd4 Nf3 17.Bxf3 Bxf3 18.Bxg7 Kxg7 19.Kb1 Qb6 20.Rhg1 Bxd1 21.Nxd1 Qf6 22.f4
Rc4 23.Nc3 Rfc8 24.Rg3 Qxh4 25.Qf2 Qf6 26.Qd2 b5 27.a3 b4 28.axb4 Rxb4 29.f5
Rcb8 30.Nd1 Rxe4 31.fxg6 fxg6 32.Nf2 Rd4 33.Qc2 Rf4 34.Ne4 Rxe4 {#R} 0-1

[Event "It (open)"]
[Site "masterchessopen.com Portoroz (Slovenia)"]
[Round "0"]
[White "Drei Andrea (ITA)"]
[Black "Velickovic Zoran (SLO)"]
[Result "1-0"]
[WhiteElo "2290"]
[BlackElo "2300"]

1.e4 c5 2.Nf3 g6 3.c4 Bg7 4.d4 cxd4 5.Nxd4 Nc6 6.Be3 Nf6 7.Nc3 Ng4 8.Qxg4 Nxd4
9.Qd1 e5 10.Nb5 O-O 11.Qd2 Nxb5 12.cxb5 d6 13.Bc4 Qe7 14.O-O Be6 15.Bd5 f5
16.f3 Kh8 17.Rac1 fxe4 18.fxe4 a6 19.b6 Rac8 20.h3 Rxc1 21.Rxc1 Bxd5 22.Qxd5
h5 23.Rc7 Qh4 24.Kh2 Qe1 25.Qd2 Qxd2 26.Bxd2 Rf2 27.Bc3 Bh6 28.Kg3 Rf1 29.Rxb7
Bf4+ 30.Kh4 Rg1 31.g4 hxg4 32.Rf7 gxh3 33.b7 Kg8 34.Rxf4 h2 35.b8=Q+ {#r} 1-0

[Event "Tournament (team)"]
[Site "masterchessopen.com Pribram (Czech Republic)"]
[Round "9"]
[White "Folk Petr (CZE)"]
[Black "Tupy Martin (CZE)"]
[Result "1-0"]
[WhiteElo "2295"]
[BlackElo "2195"]

1.e4 c5 2.Nf3 Nc6 3.d4 cxd4 4.Nxd4 g6 5.c4 Bg7 6.Be3 Nf6 7.Nc3 Ng4 8.Qxg4 Nxd4
9.Qd1 Ne6 10.Rc1 O-O 11.Be2 d6 12.O-O Nc5 13.b4 Bxc3 14.bxc5 Bg7 15.cxd6 exd6
16.Qd3 Qa5 17.Rfd1 Be6 18.Qb3 Rfd8 19.Rd2 Rab8 20.Qb5 Qa3 21.Rcd1 a6 22.Qb6
Rdc8 23.Rxd6 Bf8 24.Rxe6 fxe6 25.Qxe6+ Kh8 26.Bd4+ Bg7 27.Bxg7+ Kxg7 28.Rd7+
Kh6 29.Qf6 Qc1+ 30.Bf1 Rc5 31.Qg7+ Kg5 32.Qxh7 Kg4 33.h3+ Kf4 34.Qh6+ g5
35.Qd6+ {#r} 1-0

[Event "It (open)"]
[Site "masterchessopen.com Toronto (Canada)"]
[Round "1"]
[White "Findlay Ian T (CAN)"]
[Black "Brodie Hugh (CAN)"]
[Result "1-0"]
[WhiteElo "2345"]
[BlackElo "1958"]

1.e4 c5 2.Nf3 Nc6 3.d4 cxd4 4.Nxd4 g6 5.c4 Bg7 6.Be3 Nf6 7.Nc3 Ng4 8.Qxg4 Nxd4
9.Qd1 e5 10.Nb5 O-O 11.Qd2 a6 12.Nxd4 exd4 13.Bxd4 Qh4 14.O-O-O Qxe4 15.Bxg7
Kxg7 16.h4 h6 17.Re1 Qc6 18.Qd4+ Kg8 19.Kb1 d6 20.Bd3 Be6 21.h5 g5 22.f4 gxf4
23.Qxf4 Kg7 24.Qd4+ Kg8 25.Re3 Rfc8 26.Rhe1 Qc5 27.Rg3+ Kf8 28.Qf6 Qxh5 29.Bh7
Ke8 30.Rxe6+ fxe6 31.Bg6+ {#r} 1-0

[Event "Ch Slovenia"]
[Site "masterchessopen.com Vrhnika (Slovenia)"]
[Round "0"]
[White "Susnik Matej (SLO)"]
[Black "Podlesnik Bogdan (MNE)"]
[Result "0-1"]
[WhiteElo "2190"]
[BlackElo "2395"]

1.e4 c5 2.Nf3 Nc6 3.d4 cxd4 4.Nxd4 g6 5.c4 Bg7 6.Be3 Nf6 7.Nc3 Ng4 8.Qxg4 Bxd4
9.Bxd4 Nxd4 10.O-O-O d6 11.Qg3 e5 12.f4 f6 13.c5 Be6 14.f5 Bf7 15.fxg6 hxg6
16.cxd6 Qxd6 17.Bb5+ Ke7 18.Kb1 Rac8 19.Ba4 Qb4 20.Bb3 Nxb3 21.axb3 Rhd8
22.Qf3 Qxb3 23.Rxd8 Rxd8 24.Rf1 Rd6 25.Qe3 Bc4 26.Rc1 Bd3+ {#R} 0-1

[Event "It (open)"]
[Site "masterchessopen.com Zalakaros (Hungary)"]
[Round "7"]
[White "Gara Ticia (HUN)"]
[Black "Sipos Janos (HUN)"]
[Result "0-1"]
[WhiteElo "2005"]
[BlackElo "2259"]

1.e4 c5 2.Nf3 Nc6 3.d4 cxd4 4.Nxd4 g6 5.c4 Bg7 6.Be3 Nf6 7.Nc3 Ng4 8.Qxg4 Nxd4
9.Qd1 e5 10.Qd2 O-O 11.Ne2 Ne6 12.f3 f5 13.exf5 gxf5 14.Nc3 a6 15.Rd1 Qh4+
16.Bf2 Qh5 17.Nd5 Nd4 18.Be2 b5 19.a3 Bb7 20.Nb6 Rad8 21.Bxd4 exd4 22.cxb5
axb5 23.a4 Rfe8 24.O-O Bh6 25.Qd3 Be3+ 26.Kh1 Bf4 27.h3 Qg6 28.Qxd4 Rxe2
29.Qg1 Be3 30.Qh2 Bxb6 31.Rd6 Re6 32.Rfd1 Rde8 33.Rxe6 Rxe6 34.Qb8+ Qe8
35.Qxb7 Re1+ {#R} 0-1

[Event "It (open)"]
[Site "masterchessopen.com Zalakaros (Hungary)"]
[Round "0"]
[White "Molnar Bela (HUN)"]
[Black "Seres Lajos (HUN)"]
[Result "0-1"]
[WhiteElo "2340"]
[BlackElo "2435"]

1.e4 c5 2.Nf3 Nc6 3.d4 cxd4 4.Nxd4 g6 5.c4 Bg7 6.Be3 Nf6 7.Nc3 Ng4 8.Qxg4 Nxd4
9.Qd1 Ne6 10.Be2 Qa5 11.O-O Bxc3 12.bxc3 Qxc3 13.Rc1 Qa3 14.c5 O-O 15.Bc4 b6
16.Qd5 Ba6 17.Bxa6 Qxa6 18.f4 Nxc5 19.Rc3 e6 20.Qd4 f5 21.exf5 Rxf5 22.g4 Rd5
23.Qb4 Qe2 24.f5 Rd1 25.Rxd1 Qxd1+ 26.Kg2 Qd5+ 27.Kg1 Qd1+ 28.Kg2 Qd5+ 29.Kg1
Ne4 30.Rc1 gxf5 31.Qe7 Qd6 32.Qh4 f4 33.g5 Rf8 34.g6 hxg6 35.Qg5 e5 {#R} 0-1

[Event "Cup France"]
[Site "masterchessopen.com France"]
[Date "1995.06.25"]
[Round "0"]
[White "Anic Darko (FRA)"]
[Black "Miralles Gilles (FRA)"]
[Result "1-0"]
[WhiteElo "2410"]
[BlackElo "2455"]

1.Nf3 c5 2.c4 g6 3.d4 cxd4 4.Nxd4 Bg7 5.e4 Nc6 6.Be3 Nf6 7.Nc3 Ng4 8.Qxg4 Nxd4
9.Qd1 Nc6 10.Qd2 d6 11.Be2 Be6 12.O-O O-O 13.Nd5 Qd7 14.Rac1 Rfc8 15.b3 b6
16.h3 Qb7 17.f4 Rab8 18.b4 Re8 19.Bf3 Qd7 20.Rfd1 Rec8 21.Qe1 Qe8 22.Rd3 Bd7
23.Qh4 Be6 24.a3 Bxd5 25.exd5 Nd8 26.Bd4 Rc7 27.Bxg7 Kxg7 28.f5 f6 29.fxg6
hxg6 30.Be4 Nf7 31.Bxg6 Kxg6 32.Rg3+ Ng5 33.Qf4 Qc8 34.h4 Qf5 35.h5+ {#r} 1-0

[Event "It (open)"]
[Site "masterchessopen.com Alexandria (USA)"]
[Round "10"]
[White "Szpisjak Steven (USA)"]
[Black "Johnson Ben (USA)"]
[Result "1-0"]
[WhiteElo "2126"]
[BlackElo "2190"]

1.e4 c5 2.Nf3 Nc6 3.d4 cxd4 4.Nxd4 g6 5.c4 Bg7 6.Be3 Nf6 7.Nc3 Ng4 8.Qxg4 Nxd4
9.Qd1 Ne6 10.Rc1 d6 11.Be2 O-O 12.O-O Bd7 13.b4 a5 14.a3 axb4 15.axb4 Ra3
16.Nd5 Re8 17.f4 Bc6 18.Bb6 Qa8 19.f5 Bxd5 20.Qxd5 gxf5 21.exf5 Qa6 22.fxe6
Qxb6+ 23.c5 {#r} 1-0

[Event "Staatsliga B 1996/97"]
[Site "masterchessopen.com Austria"]
[Round "2"]
[White "Reschun Sascha (AUT)"]
[Black "Neumeier Klaus (AUT)"]
[Result "1-0"]
[WhiteElo "2244"]
[BlackElo "2280"]

1.e4 c5 2.Nf3 Nc6 3.d4 cxd4 4.Nxd4 g6 5.c4 Bg7 6.Be3 Nf6 7.Nc3 Ng4 8.Nc2 Nxe3
9.Nxe3 Bxc3+ 10.bxc3 Qa5 11.Qd2 d6 12.Rb1 Qe5 13.Bd3 Qf4 14.Qe2 O-O 15.O-O b6
16.Nd5 Qh4 17.f4 Bd7 18.g3 Qh3 19.f5 f6 20.Rf4 g5 21.Rh4 gxh4 22.Nf4 hxg3
23.Nxh3 gxh2+ 24.Kxh2 Rf7 25.Rg1+ Rg7 26.Rxg7+ Kxg7 27.c5 bxc5 28.Bc4 Ne5
29.Bd5 Rb8 30.Nf4 Kh8 31.Qg2 {#r} 1-0